| 000 | 01271nam0a22003011 4500 | ||
|---|---|---|---|
| 001 | rc\3795569 | ||
| 005 | 20120311164015.5 | ||
| 021 |
_aRU _b[75-50445] |
||
| 035 | _a(NLR Aleph) 007253808 | ||
| 090 |
_a5233729 _c5233729 |
||
| 100 | _a20120311d1975 |||y0rusy50 ca | ||
| 101 | 0 | _arus | |
| 102 | _aRU | ||
| 105 | _aa z ||||| | ||
| 200 | 1 |
_aВозрастные особенности циклических движений детей и подростков _fНауч.-исслед. ин-т физиологии детей и подростков Акад. пед. наук СССР |
|
| 210 |
_aМосква _cПедагогика _d1975 |
||
| 215 |
_a159 с. _cчерт. _d20 |
||
| 300 | _aПеред загл. авт.: Д.П. Букреева, С.А. Косилов, А.П. Тамбиева | ||
| 320 | _aСписок лит.: с. 149-158 | ||
| 606 |
_aДвижения детей и подростков _2psbo |
||
| 700 | 1 |
_aБукреева _bД. П. _gДиана Потаповна |
|
| 701 | 1 |
_aТамбиева _bА. П. _gАнастасия Павловна |
|
| 701 | 1 |
_aКосилов _bС. А. _gСергей Александрович |
|
| 801 | 0 |
_aRU _bNLR _gpsbo |
|
| 801 | 1 |
_aRU _bELAR _2rusmarc |
|
| 852 |
_aNLR _j75-3/3693 |
||
| 942 | _cBOOK | ||
| 980 | _aNB | ||